Name a valid Taylor Swift song #2 - Statistics

General Stats
  • This quiz has been taken 367 times
    244 since last reset
  • The average score is 7 of 8
Answer Stats
Hint Answer % Correct
Name a Taylor Swift song beginning with the letter "W" We Are Never Ever Getting Back Together | Welcome To New York | We Were Happy | When Emma Falls In Love | White Horse | Who's Afraid of Little Old Me? | Wildest Dreams | willow | Wi$h Li$t | Wonderland | Wood | Would've Could've Should've
99%
Name a song that was on the "Fearless tour" setlist You Belong With Me | Our Song | Tell Me Why | Teardrops On My Guitar | Fearless | Forever & Always | Hey Stephen | Fifteen | Tim McGraw | White Horse | Love Story | The Way I Loved You | You're Not Sorry | What Goes Around... Comes Around | Picture To Burn | Change | I'm Only Me When I'm With You | Today Was A Fairytale | Should've Said No
99%
Name a song longer than 5 minutes Innocent | evermore | Castles Crumbling | Macavity | Untouchable | Foolish One | happiness | Long Live | Timeless | All Too Well | Who's Afraid Of Little Old Me? | But Daddy I Love Him | Enchanted | Last Kiss | Dear John
96%
Name a song from The Tortured Poets Department Fortnight | The Tortured Poets Department | My Boy Only Breaks His Favorite Toys | Down Bad | So Long, London | But Daddy I Love Him | Fresh Out the Slammer | Florida!!! | Guilty as Sin? | Who's Afraid of Little Old Me? | I Can Fix Him (No Really I Can) | loml | I Can Do It With a Broken Heart | The Smallest Man Who Ever Lived | The Alchemy | Clara Bow | The Black Dog | imgonnagetyouback | The Albatross | Chloe or Sam or Sophia or Marcus | How Did It End? | So High School | I Hate It Here | thanK you aIMee | I Look In People's Windows | The Prophecy | Cassandra | Peter | The Bolter | Robin | The Manuscript
93%
Name a 1989 (Taylor's Version) vault track "Slut!" | Say Don't Go | Now That We Don't Talk | Suburban Legends | Is It Over Now?
88%
Name a song from another artist which Taylor features on Two Is Better Than One | Both Of Us | Babe | Gasoline | The Joker And The Queen | The Alcott | us.
87%
Name a track 7 Tied Together With A Smile | Breathe | The Story Of Us | I Almost Do | I Wish You Would | So It Goes... | Miss Americana & The Heartbreak Prince | seven | happiness | Question...? | Fresh Out The Slammer | Actually Romantic
77%
Name a surprise song that was performed at one of the eras tour shows in Australia Red | You're Losing Me | Getaway Car | august | The Other Side Of The Door | this is me trying | Come Back...Be Here | Daylight | Teardrops On My Guitar | How You Get The Girl | White Horse | coney island | Should've Said No | You're Not Sorry | New Year's Day | peace | Is It Over Now? | I Wish You Would | Haunted | exile | Would've Could've Should've | Ivy | Forever & Always | Maroon
76%
No matching quizzes found
Score Distribution
Percent of People with Each Score
Percentile by Number Answered
Your Score History
You have not taken this quiz since the last reset